| 000 | 00656nam a2200241 a 4500 | ||
|---|---|---|---|
| 005 | 20210219153305.0 | ||
| 008 | 991125n 000 0 u | ||
| 035 | _aUPN01000088828 | ||
| 100 | _aGalda, Lee | ||
| 222 | _aREADING TEACHER | ||
| 245 | _aNature's wonders : books for a science curriculum (children's books) | ||
| 300 | _a236-245 | ||
| 362 | _a46, No. 3, 1992 | ||
| 505 | _aMarzo 1993 | ||
| 653 | 0 | _aCURRICULUM CIENTIFICO | |
| 653 | 0 | _aLIBROS | |
| 653 | 0 | _aLITERATURA DEL ADOLESCENTE | |
| 653 | 0 | _aLITERATURA INFANTIL | |
| 700 | _aMacGregor, Pat | ||
| 700 | _aAllington, Richard L. | ||
| 904 |
_aAC _b026639 |
||
| 905 | _aArticulo | ||
| 999 |
_c73218 _d73218 |
||